[Event "9 Round Open"]
[Site "Enniscrone, Sligo, IE"]
[Date "2026.02.06"]
[Round "7"]
[White "Prado, Alexandra"]
[Black "Ranade, Akshay"]
[Result "1-0"]
[Board "19"]
[WhiteFideId "3301346"]
[BlackFideId "2515270"]
[WhiteTitle "WCM"]
[WhiteElo "1924"]
[BlackElo "1723"]
[WhiteTeam "BOL"]
[BlackTeam "IRL"]
[WhiteClock "0:12:41"]
[BlackClock "0:21:34"]
[Variant "Standard"]

1. e4 {[%clk 1:30:56]}  c5 {[%clk 1:28:01]} 2. Nc3 {[%clk 1:31:02]}  Nc6 {[%clk 1:27:45]} 3. g3 {[%clk 1:30:39]}  g6 {[%clk 1:26:13]} 4. Bg2 {[%clk 1:30:59]}  Bg7 {[%clk 1:26:36]} 5. d3 {[%clk 1:28:40]}  e6 {[%clk 1:23:18]} 6. Nge2 {[%clk 1:28:51]}  a6 {[%clk 1:20:37]} 7. Be3 {[%clk 1:23:43]}  d6 {[%clk 1:20:25]} 8. a4 {[%clk 1:23:43]}  Nge7 {[%clk 1:16:29]} 9. Qd2 {[%clk 1:21:24]}  O-O {[%clk 1:02:57]} 10. Bh6 {[%clk 1:19:11]}  d5 {[%clk 0:59:35]} 11. h4 {[%clk 1:16:23]}  d4 {[%clk 0:56:42]} 12. Nd1 {[%clk 1:15:44]}  Ne5 {[%clk 0:53:01]} 13. h5 {[%clk 1:15:01]}  Ng4 {[%clk 0:47:49]} 14. Bxg7 {[%clk 1:13:44]}  Kxg7 {[%clk 0:47:56]} 15. f3 {[%clk 1:14:04]}  Nf6 {[%clk 0:47:32]} 16. hxg6 {[%clk 0:52:32]}  Nxg6 {[%clk 0:44:40]} 17. Qh6+ {[%clk 0:51:56]}  Kh8 {[%clk 0:41:28]} 18. g4 {[%clk 0:49:42]}  Rg8 {[%clk 0:39:52]} 19. g5 {[%clk 0:42:51]}  Nf8 {[%clk 0:39:43]} 20. gxf6 {[%clk 0:42:54]}  Rxg2 {[%clk 0:39:40]} 21. Nf4 {[%clk 0:41:54]}  Rg8 {[%clk 0:38:29]} 22. Nf2 {[%clk 0:36:38]}  e5 {[%clk 0:37:44]} 23. Nd5 {[%clk 0:36:39]}  Rg6 {[%clk 0:36:21]} 24. Qh4 {[%clk 0:37:00]}  Qd6 {[%clk 0:34:39]} 25. Ng4 {[%clk 0:27:54]}  Bxg4 {[%clk 0:29:39]} 26. fxg4 {[%clk 0:28:23]}  Qd7 {[%clk 0:29:30]} 27. g5 {[%clk 0:28:33]}  Re8 {[%clk 0:28:20]} 28. b3 {[%clk 0:25:30]}  Qd6 {[%clk 0:27:54]} 29. Ke2 {[%clk 0:24:06]}  a5 {[%clk 0:27:31]} 30. Rh2 {[%clk 0:23:51]}  b6 {[%clk 0:26:20]} 31. Rah1 {[%clk 0:23:52]}  Kg8 {[%clk 0:26:45]} 32. Rh3 {[%clk 0:20:53]}  Re6 {[%clk 0:24:58]} 33. Qg3 {[%clk 0:16:37]}  Qd7 {[%clk 0:22:18]} 34. Rh5 {[%clk 0:13:07]}  Qd6 {[%clk 0:21:52]} 35. Qh4 {[%clk 0:12:38]}  Qd7 {[%clk 0:22:03]} 36. Rh6 {[%clk 0:12:01]}  Rxh6 {[%clk 0:21:34]} 37. Qxh6 {[%clk 0:12:19]}  Qd6 {[%clk 0:21:34]} 38. Qg7# {[%clk 0:12:41]} 1-0

[Event "9 Round Open"]
[Site "Enniscrone, Sligo, IE"]
[Date "2026.02.06"]
[Round "7"]
[White "Mabhena, Vladimir"]
[Black "Smith, Lynda"]
[Result "0-1"]
[Board "20"]
[WhiteFideId "2519143"]
[BlackFideId "1800191"]
[BlackTitle "WCM"]
[WhiteElo "1546"]
[BlackElo "1822"]
[WhiteTeam "IRL"]
[BlackTeam "WLS"]
[WhiteClock "0:48:10"]
[BlackClock "1:15:59"]
[Variant "Standard"]

1. e4 {[%clk 1:30:54]}  c5 {[%clk 1:30:53]} 2. Nf3 {[%clk 1:31:14]}  d6 {[%clk 1:31:12]} 3. c3 {[%clk 1:31:06]}  Nf6 {[%clk 1:31:24]} 4. d3 {[%clk 1:28:58]}  Nc6 {[%clk 1:31:22]} 5. Bg5 {[%clk 1:28:59]}  e6 {[%clk 1:29:12]} 6. Be2 {[%clk 1:28:06]}  Be7 {[%clk 1:29:29]} 7. O-O {[%clk 1:27:58]}  O-O {[%clk 1:29:35]} 8. Nbd2 {[%clk 1:25:29]}  b6 {[%clk 1:27:24]} 9. Qc2 {[%clk 1:24:29]}  Bb7 {[%clk 1:27:17]} 10. Bxf6 {[%clk 1:21:01]}  Bxf6 {[%clk 1:27:32]} 11. Nb3 {[%clk 1:20:24]}  Rc8 {[%clk 1:26:20]} 12. Rac1 {[%clk 1:18:17]}  Re8 {[%clk 1:24:57]} 13. Qb1 {[%clk 1:14:19]}  d5 {[%clk 1:23:47]} 14. exd5 {[%clk 1:12:48]}  exd5 {[%clk 1:24:08]} 15. Rfe1 {[%clk 1:11:21]}  d4 {[%clk 1:23:14]} 16. Bf1 {[%clk 1:05:48]}  Rxe1 {[%clk 1:21:36]} 17. Rxe1 {[%clk 1:06:08]}  dxc3 {[%clk 1:21:14]} 18. bxc3 {[%clk 1:05:24]}  Bxc3 {[%clk 1:21:29]} 19. Re3 {[%clk 1:02:53]}  Qd7 {[%clk 1:19:08]} 20. Qc2 {[%clk 1:01:49]}  Bd4 {[%clk 1:18:45]} 21. Re1 {[%clk 0:59:09]}  Re8 {[%clk 1:17:10]} 22. Rxe8+ {[%clk 0:59:10]}  Qxe8 {[%clk 1:17:33]} 23. Nfxd4 {[%clk 0:58:17]}  cxd4 {[%clk 1:17:21]} 24. Qc4 {[%clk 0:56:51]}  Qe6 {[%clk 1:15:28]} 25. Qxe6 {[%clk 0:55:12]}  fxe6 {[%clk 1:15:54]} 26. g3 {[%clk 0:55:30]}  e5 {[%clk 1:16:07]} 27. Bg2 {[%clk 0:55:36]}  Nd8 {[%clk 1:16:27]} 28. Bxb7 {[%clk 0:54:46]}  Nxb7 {[%clk 1:16:52]} 29. Kg2 {[%clk 0:54:36]}  Kf7 {[%clk 1:15:29]} 30. Kf3 {[%clk 0:54:59]}  Ke6 {[%clk 1:15:36]} 31. Kg4 {[%clk 0:55:10]}  Nc5 {[%clk 1:15:02]} 32. Nc1 {[%clk 0:53:27]}  b5 {[%clk 1:14:33]} 33. f4 {[%clk 0:52:57]}  a5 {[%clk 1:14:48]} 34. fxe5 {[%clk 0:52:07]}  Kxe5 {[%clk 1:15:08]} 35. Kf3 {[%clk 0:52:29]}  b4 {[%clk 1:14:58]} 36. Ke2 {[%clk 0:49:40]}  a4 {[%clk 1:15:03]} 37. Kd2 {[%clk 0:49:41]}  b3 {[%clk 1:15:17]} 38. a3 {[%clk 0:48:15]}  b2 {[%clk 1:15:30]} 39. Kc2 {[%clk 0:47:09]}  bxc1=Q+ {[%clk 1:15:10]} 40. Kxc1 {[%clk 0:47:34]}  Nxd3+ {[%clk 1:15:52]} 41. Kd2 {[%clk 0:47:58]}  Ke4 {[%clk 1:15:55]} 42. h3 {[%clk 0:48:10]}  Ne5 {[%clk 1:15:59]} 0-1

[Event "9 Round Open"]
[Site "Enniscrone, Sligo, IE"]
[Date "2026.02.07"]
[Round "8"]
[White "Collins, Adam"]
[Black "Blohberger, Felix"]
[Result "1/2-1/2"]
[Board "1"]
[WhiteFideId "2512300"]
[BlackFideId "1632051"]
[WhiteTitle "FM"]
[BlackTitle "GM"]
[WhiteElo "2312"]
[BlackElo "2543"]
[WhiteTeam "IRL"]
[BlackTeam "AUT"]
[WhiteClock "0:01:32"]
[BlackClock "0:00:41"]
[Variant "Standard"]

1. e4 {[%clk 1:30:09]}  e5 {[%clk 1:30:55]} 2. Nf3 {[%clk 1:30:35]}  Nc6 {[%clk 1:31:20]} 3. Nc3 {[%clk 1:30:56]}  Nf6 {[%clk 1:31:33]} 4. Bb5 {[%clk 1:31:20]}  Bd6 {[%clk 1:30:29]} 5. d3 {[%clk 1:31:36]}  a6 {[%clk 1:28:43]} 6. Ba4 {[%clk 1:31:23]}  O-O {[%clk 1:27:25]} 7. a3 {[%clk 1:29:05]}  Re8 {[%clk 1:19:16]} 8. O-O {[%clk 1:27:41]}  h6 {[%clk 1:18:16]} 9. Be3 {[%clk 1:15:39]}  Bf8 {[%clk 1:17:22]} 10. Bb3 {[%clk 1:10:30]}  d6 {[%clk 1:17:05]} 11. h3 {[%clk 1:09:18]}  b5 {[%clk 1:08:17]} 12. Nd5 {[%clk 1:05:07]}  Rb8 {[%clk 1:07:16]} 13. Nh2 {[%clk 0:40:49]}  Nxd5 {[%clk 1:03:06]} 14. Bxd5 {[%clk 0:40:27]}  Ne7 {[%clk 1:02:53]} 15. Bb3 {[%clk 0:39:54]}  Ng6 {[%clk 1:01:01]} 16. Qh5 {[%clk 0:35:37]}  Be6 {[%clk 1:01:13]} 17. Bxe6 {[%clk 0:35:38]}  Rxe6 {[%clk 1:01:38]} 18. g3 {[%clk 0:35:07]}  d5 {[%clk 0:56:09]} 19. h4 {[%clk 0:31:52]}  dxe4 {[%clk 0:52:44]} 20. dxe4 {[%clk 0:32:04]}  Qe8 {[%clk 0:49:05]} 21. Qg4 {[%clk 0:29:22]}  Qc6 {[%clk 0:42:30]} 22. h5 {[%clk 0:27:54]}  Ne7 {[%clk 0:42:41]} 23. c3 {[%clk 0:23:02]}  Nc8 {[%clk 0:42:16]} 24. Rae1 {[%clk 0:23:10]}  Nd6 {[%clk 0:38:21]} 25. Bc1 {[%clk 0:22:51]}  a5 {[%clk 0:36:31]} 26. Nf3 {[%clk 0:19:41]}  Be7 {[%clk 0:34:02]} 27. Re2 {[%clk 0:13:16]}  Qc4 {[%clk 0:25:39]} 28. Nd2 {[%clk 0:11:37]}  Qd3 {[%clk 0:24:16]} 29. Rd1 {[%clk 0:11:22]}  Bg5 {[%clk 0:21:20]} 30. Ree1 {[%clk 0:11:51]}  Qc2 {[%clk 0:16:23]} 31. Qe2 {[%clk 0:11:56]}  a4 {[%clk 0:14:44]} 32. Nf1 {[%clk 0:11:13]}  Qxe2 {[%clk 0:14:12]} 33. Rxe2 {[%clk 0:11:41]}  Bxc1 {[%clk 0:13:41]} 34. Rxc1 {[%clk 0:12:09]}  Nc4 {[%clk 0:13:31]} 35. Rd1 {[%clk 0:12:19]}  Ree8 {[%clk 0:10:33]} 36. Rd7 {[%clk 0:10:12]}  Rbc8 {[%clk 0:10:15]} 37. Ne3 {[%clk 0:07:49]}  Red8 {[%clk 0:10:30]} 38. Rxd8+ {[%clk 0:08:12]}  Rxd8 {[%clk 0:10:56]} 39. Nxc4 {[%clk 0:08:32]}  bxc4 {[%clk 0:11:25]} 40. Kf1 {[%clk 0:08:54]}  g6 {[%clk 0:10:01]} 41. hxg6 {[%clk 0:08:26]}  fxg6 {[%clk 0:10:24]} 42. Ke1 {[%clk 0:08:35]}  h5 {[%clk 0:08:07]} 43. f4 {[%clk 0:07:12]}  Kf7 {[%clk 0:07:42]} 44. Rf2 {[%clk 0:02:13]}  exf4 {[%clk 0:01:26]} 45. gxf4 {[%clk 0:02:35]}  Kf6 {[%clk 0:01:26]} 46. Ke2 {[%clk 0:02:32]}  Rd3 {[%clk 0:01:27]} 47. Rh2 {[%clk 0:02:34]}  c6 {[%clk 0:01:00]} 48. Rh1 {[%clk 0:02:43]}  Rd8 {[%clk 0:01:01]} 49. Ke3 {[%clk 0:02:47]}  c5 {[%clk 0:01:21]} 50. Rg1 {[%clk 0:01:34]}  Rd3+ {[%clk 0:01:22]} 51. Ke2 {[%clk 0:01:57]}  Rh3 {[%clk 0:00:33]} 52. Rg5 {[%clk 0:01:22]}  Rh2+ {[%clk 0:01:00]} 53. Kf3 {[%clk 0:01:32]}  Rxb2 {[%clk 0:00:41]} 1/2-1/2

[Event "9 Round Open"]
[Site "Enniscrone, Sligo, IE"]
[Date "2026.02.07"]
[Round "8"]
[White "Risteski, Emil"]
[Black "Woods, Yannick"]
[Result "1/2-1/2"]
[Board "2"]
[WhiteFideId "15005267"]
[BlackFideId "2518384"]
[WhiteTitle "IM"]
[WhiteElo "2410"]
[BlackElo "1971"]
[WhiteTeam "MKD"]
[BlackTeam "IRL"]
[WhiteClock "0:11:54"]
[BlackClock "0:02:50"]
[Variant "Standard"]

1. e4 {[%clk 1:30:56]}  e5 {[%clk 1:30:57]} 2. Nf3 {[%clk 1:31:22]}  Nc6 {[%clk 1:31:23]} 3. Bc4 {[%clk 1:31:48]}  Bc5 {[%clk 1:31:48]} 4. d3 {[%clk 1:32:07]}  Nf6 {[%clk 1:32:10]} 5. Nc3 {[%clk 1:32:29]}  h6 {[%clk 1:29:45]} 6. h3 {[%clk 1:32:52]}  a6 {[%clk 1:28:48]} 7. a4 {[%clk 1:32:34]}  d6 {[%clk 1:28:44]} 8. Be3 {[%clk 1:32:57]}  Bxe3 {[%clk 1:27:07]} 9. fxe3 {[%clk 1:33:23]}  O-O {[%clk 1:23:32]} 10. O-O {[%clk 1:33:46]}  Ne7 {[%clk 1:20:00]} 11. Nh4 {[%clk 1:26:46]}  d5 {[%clk 1:16:58]} 12. exd5 {[%clk 1:25:53]}  Nexd5 {[%clk 1:15:47]} 13. Nxd5 {[%clk 0:59:08]}  Nxd5 {[%clk 1:13:38]} 14. Qh5 {[%clk 0:59:12]}  c6 {[%clk 1:05:33]} 15. Rae1 {[%clk 0:59:11]}  Be6 {[%clk 1:01:44]} 16. Nf3 {[%clk 0:47:31]}  e4 {[%clk 0:44:22]} 17. Nd4 {[%clk 0:46:28]}  Nf6 {[%clk 0:44:16]} 18. Nxe6 {[%clk 0:44:53]}  Nxh5 {[%clk 0:44:38]} 19. Nxd8 {[%clk 0:45:18]}  Raxd8 {[%clk 0:44:49]} 20. a5 {[%clk 0:39:26]}  Nf6 {[%clk 0:41:11]} 21. Rf5 {[%clk 0:35:22]}  Rfe8 {[%clk 0:40:13]} 22. d4 {[%clk 0:34:43]}  Nd5 {[%clk 0:38:34]} 23. g4 {[%clk 0:34:50]}  Re7 {[%clk 0:35:34]} 24. Kf1 {[%clk 0:31:49]}  g6 {[%clk 0:35:22]} 25. Rf2 {[%clk 0:32:01]}  Rc7 {[%clk 0:34:33]} 26. Bxd5 {[%clk 0:25:54]}  cxd5 {[%clk 0:33:58]} 27. c3 {[%clk 0:26:22]}  Rd6 {[%clk 0:28:34]} 28. Kg2 {[%clk 0:25:51]}  Kg7 {[%clk 0:26:38]} 29. Kg3 {[%clk 0:25:58]}  Rf6 {[%clk 0:18:58]} 30. Rxf6 {[%clk 0:24:58]}  Kxf6 {[%clk 0:19:26]} 31. h4 {[%clk 0:25:11]}  Ke6 {[%clk 0:18:26]} 32. g5 {[%clk 0:22:20]}  hxg5 {[%clk 0:15:09]} 33. hxg5 {[%clk 0:22:22]}  Rc6 {[%clk 0:13:37]} 34. Rf1 {[%clk 0:21:48]}  Ke7 {[%clk 0:13:54]} 35. Kf4 {[%clk 0:21:58]}  Ke6 {[%clk 0:12:08]} 36. Ra1 {[%clk 0:20:42]}  f6 {[%clk 0:09:47]} 37. Rh1 {[%clk 0:19:38]}  b6 {[%clk 0:09:37]} 38. Rh6 {[%clk 0:18:33]}  Kf7 {[%clk 0:06:56]} 39. Rh7+ {[%clk 0:18:58]}  Ke6 {[%clk 0:07:15]} 40. Rg7 {[%clk 0:18:52]}  fxg5+ {[%clk 0:06:38]} 41. Kxg5 {[%clk 0:19:10]}  bxa5 {[%clk 0:07:06]} 42. Rxg6+ {[%clk 0:18:53]}  Kd7 {[%clk 0:07:35]} 43. Rf6 {[%clk 0:13:03]}  a4 {[%clk 0:04:02]} 44. Kf5 {[%clk 0:06:06]}  a3 {[%clk 0:04:32]} 45. bxa3 {[%clk 0:06:11]}  Rxc3 {[%clk 0:04:55]} 46. Rxa6 {[%clk 0:06:40]}  Rxe3 {[%clk 0:04:49]} 47. Ke5 {[%clk 0:07:07]}  Rc3 {[%clk 0:04:08]} 48. Kxd5 {[%clk 0:07:12]}  e3 {[%clk 0:04:32]} 49. a4 {[%clk 0:06:56]}  e2 {[%clk 0:04:32]} 50. Rd6+ {[%clk 0:07:22]}  Kc7 {[%clk 0:04:14]} 51. Re6 {[%clk 0:07:48]}  Ra3 {[%clk 0:04:26]} 52. Rxe2 {[%clk 0:08:00]}  Rxa4 {[%clk 0:04:11]} 53. Re7+ {[%clk 0:08:17]}  Kd8 {[%clk 0:04:35]} 54. Rb7 {[%clk 0:08:39]}  Ra6 {[%clk 0:04:28]} 55. Rg7 {[%clk 0:08:50]}  Rh6 {[%clk 0:04:26]} 56. Kc5 {[%clk 0:09:16]}  Kc8 {[%clk 0:03:41]} 57. Rg1 {[%clk 0:09:10]}  Kd8 {[%clk 0:03:41]} 58. Re1 {[%clk 0:09:12]}  Kc8 {[%clk 0:02:22]} 59. Kd5 {[%clk 0:09:33]}  Kd7 {[%clk 0:02:11]} 60. Rg1 {[%clk 0:09:54]}  Rh5+ {[%clk 0:02:15]} 61. Kc4 {[%clk 0:10:17]}  Kd6 {[%clk 0:02:19]} 62. Rg6+ {[%clk 0:10:43]}  Kd7 {[%clk 0:02:30]} 63. d5 {[%clk 0:11:10]}  Rh1 {[%clk 0:02:21]} 64. Rg7+ {[%clk 0:11:33]}  Kd6 {[%clk 0:02:28]} 65. Kb3 {[%clk 0:11:54]}  Kxd5 {[%clk 0:02:50]} 1/2-1/2

[Event "9 Round Open"]
[Site "Enniscrone, Sligo, IE"]
[Date "2026.02.07"]
[Round "8"]
[White "Willems, Niels"]
[Black "Ribeiro, Gustavo"]
[Result "1-0"]
[Board "3"]
[WhiteFideId "20695586"]
[BlackFideId "1941852"]
[WhiteTitle "FM"]
[BlackTitle "FM"]
[WhiteElo "2390"]
[BlackElo "2276"]
[WhiteTeam "FRA"]
[BlackTeam "POR"]
[WhiteClock "0:14:39"]
[BlackClock "0:39:27"]
[Variant "Standard"]

1. c4 {[%clk 1:28:57]}  d6 {[%clk 1:30:17]} 2. Nc3 {[%clk 1:29:07]}  e5 {[%clk 1:30:41]} 3. Nf3 {[%clk 1:29:06]}  f5 {[%clk 1:31:02]} 4. d4 {[%clk 1:29:20]}  e4 {[%clk 1:31:27]} 5. Ng1 {[%clk 1:28:59]}  Be7 {[%clk 1:31:39]} 6. Nh3 {[%clk 1:27:43]}  Nf6 {[%clk 1:31:45]} 7. Bg5 {[%clk 1:27:38]}  O-O {[%clk 1:31:54]} 8. e3 {[%clk 1:27:18]}  a5 {[%clk 1:31:43]} 9. Nf4 {[%clk 1:27:09]}  c6 {[%clk 1:31:55]} 10. h4 {[%clk 1:26:44]}  Na6 {[%clk 1:31:04]} 11. Be2 {[%clk 1:20:10]}  Nc7 {[%clk 1:31:07]} 12. Qb3 {[%clk 1:18:51]}  Qe8 {[%clk 1:28:58]} 13. Na4 {[%clk 1:10:04]}  Ne6 {[%clk 1:19:31]} 14. Nb6 {[%clk 1:08:22]}  Ra7 {[%clk 1:19:22]} 15. O-O-O {[%clk 0:58:29]}  h6 {[%clk 0:50:49]} 16. Nxc8 {[%clk 0:51:15]}  Qxc8 {[%clk 0:51:01]} 17. Ng6 {[%clk 0:49:53]}  Rf7 {[%clk 0:48:59]} 18. Nxe7+ {[%clk 0:50:16]}  Rxe7 {[%clk 0:49:25]} 19. Bxf6 {[%clk 0:50:41]}  gxf6 {[%clk 0:49:51]} 20. Rdg1 {[%clk 0:48:14]}  Rg7 {[%clk 0:48:57]} 21. Qc2 {[%clk 0:47:47]}  Nc7 {[%clk 0:48:16]} 22. g4 {[%clk 0:46:19]}  d5 {[%clk 0:47:46]} 23. gxf5 {[%clk 0:42:43]}  Qxf5 {[%clk 0:46:43]} 24. Rxg7+ {[%clk 0:32:53]}  Kxg7 {[%clk 0:45:07]} 25. Rg1+ {[%clk 0:33:22]}  Kh8 {[%clk 0:44:02]} 26. Bg4 {[%clk 0:33:37]}  Qg6 {[%clk 0:39:54]} 27. h5 {[%clk 0:32:56]}  Qh7 {[%clk 0:39:40]} 28. cxd5 {[%clk 0:29:12]}  Nxd5 {[%clk 0:40:00]} 29. Qc5 {[%clk 0:28:48]}  Ra8 {[%clk 0:40:25]} 30. Be6 {[%clk 0:28:00]}  Qe7 {[%clk 0:40:11]} 31. Bxd5 {[%clk 0:17:24]}  Qxc5+ {[%clk 0:40:32]} 32. dxc5 {[%clk 0:17:53]}  cxd5 {[%clk 0:41:00]} 33. Rd1 {[%clk 0:16:54]}  Rd8 {[%clk 0:41:23]} 34. Kc2 {[%clk 0:17:19]}  Kg7 {[%clk 0:41:47]} 35. Kc3 {[%clk 0:17:45]}  Kf7 {[%clk 0:42:11]} 36. Rg1 {[%clk 0:17:40]}  Rc8 {[%clk 0:42:02]} 37. Kd4 {[%clk 0:17:47]}  Ke6 {[%clk 0:42:29]} 38. b3 {[%clk 0:17:06]}  a4 {[%clk 0:39:59]} 39. Rg7 {[%clk 0:16:23]}  axb3 {[%clk 0:39:14]} 40. axb3 {[%clk 0:16:52]}  Rb8 {[%clk 0:39:34]} 41. Rc7 {[%clk 0:16:30]}  Rg8 {[%clk 0:39:41]} 42. Rxb7 {[%clk 0:16:47]}  Rg5 {[%clk 0:40:06]} 43. Rb6+ {[%clk 0:16:35]}  Ke7 {[%clk 0:40:29]} 44. Rd6 {[%clk 0:16:12]}  Rxh5 {[%clk 0:40:47]} 45. Rxd5 {[%clk 0:16:31]}  Rh2 {[%clk 0:40:16]} 46. c6 {[%clk 0:13:47]}  Rxf2 {[%clk 0:40:30]} 47. c7 {[%clk 0:14:07]}  Rd2+ {[%clk 0:39:08]} 48. Kc3 {[%clk 0:14:16]}  Rxd5 {[%clk 0:39:11]} 49. c8=Q {[%clk 0:14:44]}  h5 {[%clk 0:39:24]} 50. b4 {[%clk 0:14:50]}  h4 {[%clk 0:39:49]} 51. Qh3 {[%clk 0:14:12]}  Rd3+ {[%clk 0:39:27]} 52. Kc4 {[%clk 0:14:39]} 1-0

[Event "9 Round Open"]
[Site "Enniscrone, Sligo, IE"]
[Date "2026.02.07"]
[Round "8"]
[White "Liu, Jason"]
[Black "Rakhmangulov, Andrei"]
[Result "0-1"]
[Board "4"]
[WhiteFideId "2514656"]
[BlackFideId "14101467"]
[WhiteTitle "FM"]
[BlackTitle "IM"]
[WhiteElo "2181"]
[BlackElo "2262"]
[WhiteTeam "IRL"]
[BlackTeam "UKR"]
[WhiteClock "0:03:18"]
[BlackClock "0:19:09"]
[Variant "Standard"]

1. e4 {[%clk 1:30:53]}  d6 {[%clk 1:29:54]} 2. d4 {[%clk 1:31:06]}  Nf6 {[%clk 1:30:02]} 3. Nc3 {[%clk 1:31:24]}  g6 {[%clk 1:30:20]} 4. Be3 {[%clk 1:31:24]}  c6 {[%clk 1:30:42]} 5. h3 {[%clk 1:31:36]}  b5 {[%clk 1:27:34]} 6. Bd3 {[%clk 1:31:28]}  e5 {[%clk 1:24:01]} 7. dxe5 {[%clk 1:31:25]}  dxe5 {[%clk 1:23:41]} 8. Nf3 {[%clk 1:31:32]}  Nbd7 {[%clk 1:23:50]} 9. a4 {[%clk 1:29:16]}  b4 {[%clk 1:23:15]} 10. Nb1 {[%clk 1:28:23]}  Bg7 {[%clk 1:19:43]} 11. O-O {[%clk 1:28:09]}  O-O {[%clk 1:19:26]} 12. Qe2 {[%clk 1:22:13]}  Nh5 {[%clk 1:07:33]} 13. Nbd2 {[%clk 1:04:59]}  Nf4 {[%clk 1:06:53]} 14. Bxf4 {[%clk 1:04:05]}  exf4 {[%clk 1:07:16]} 15. Nc4 {[%clk 1:00:38]}  Ba6 {[%clk 1:00:47]} 16. Nce5 {[%clk 0:47:18]}  Nxe5 {[%clk 0:56:08]} 17. Bxa6 {[%clk 0:45:10]}  Nxf3+ {[%clk 0:52:30]} 18. Qxf3 {[%clk 0:45:33]}  Qb6 {[%clk 0:52:25]} 19. Bc4 {[%clk 0:44:11]}  Bxb2 {[%clk 0:52:00]} 20. Rad1 {[%clk 0:44:09]}  Qc7 {[%clk 0:51:30]} 21. Rd3 {[%clk 0:41:55]}  c5 {[%clk 0:50:37]} 22. Rd5 {[%clk 0:35:56]}  Rad8 {[%clk 0:49:29]} 23. Re1 {[%clk 0:32:23]}  Be5 {[%clk 0:48:00]} 24. Red1 {[%clk 0:31:47]}  Bd4 {[%clk 0:48:00]} 25. Re1 {[%clk 0:31:01]}  Rfe8 {[%clk 0:45:05]} 26. Re2 {[%clk 0:29:18]}  Kg7 {[%clk 0:45:01]} 27. Qg4 {[%clk 0:27:51]}  Be5 {[%clk 0:37:42]} 28. Red2 {[%clk 0:22:41]}  h5 {[%clk 0:37:23]} 29. Qf3 {[%clk 0:22:30]}  Bd4 {[%clk 0:37:34]} 30. Re2 {[%clk 0:22:16]}  Bc3 {[%clk 0:32:51]} 31. Qd3 {[%clk 0:18:16]}  Rxd5 {[%clk 0:28:59]} 32. exd5 {[%clk 0:17:23]}  Rxe2 {[%clk 0:29:07]} 33. Qxe2 {[%clk 0:17:46]}  Be5 {[%clk 0:28:02]} 34. Kf1 {[%clk 0:16:12]}  Qd6 {[%clk 0:28:17]} 35. Bb3 {[%clk 0:15:28]}  Qf6 {[%clk 0:28:01]} 36. Kg1 {[%clk 0:12:54]}  Bd6 {[%clk 0:27:11]} 37. Qd3 {[%clk 0:12:13]}  f3 {[%clk 0:22:48]} 38. gxf3 {[%clk 0:10:25]}  Qa1+ {[%clk 0:20:56]} 39. Kg2 {[%clk 0:09:53]}  Qe5 {[%clk 0:21:11]} 40. Kf1 {[%clk 0:09:06]}  Qh2 {[%clk 0:21:23]} 41. f4 {[%clk 0:08:57]}  Qxf4 {[%clk 0:21:22]} 42. Qa6 {[%clk 0:07:02]}  Be5 {[%clk 0:20:49]} 43. Qd3 {[%clk 0:06:38]}  h4 {[%clk 0:19:28]} 44. Bc4 {[%clk 0:05:18]}  Bd4 {[%clk 0:19:09]} 45. Qe2 {[%clk 0:03:18]}  Bxf2 {[%clk 0:19:09]} 0-1

[Event "9 Round Open"]
[Site "Enniscrone, Sligo, IE"]
[Date "2026.02.07"]
[Round "8"]
[White "Barnes, Oliver"]
[Black "Hushpit, Lukian"]
[Result "1/2-1/2"]
[Board "5"]
[WhiteFideId "2517604"]
[BlackFideId "14189208"]
[WhiteElo "2013"]
[BlackElo "2100"]
[WhiteTeam "IRL"]
[BlackTeam "IRL"]
[WhiteClock "0:17:08"]
[BlackClock "0:04:31"]
[Variant "Standard"]

1. d4 {[%clk 1:30:56]}  d5 {[%clk 1:30:56]} 2. Nf3 {[%clk 1:31:21]}  Nf6 {[%clk 1:31:21]} 3. e3 {[%clk 1:31:45]}  e6 {[%clk 1:31:44]} 4. Bd3 {[%clk 1:31:52]}  c5 {[%clk 1:30:45]} 5. b3 {[%clk 1:32:03]}  Nc6 {[%clk 1:29:44]} 6. Bb2 {[%clk 1:32:01]}  Be7 {[%clk 1:27:07]} 7. Nbd2 {[%clk 1:31:29]}  h6 {[%clk 1:16:30]} 8. O-O {[%clk 1:30:28]}  O-O {[%clk 1:14:20]} 9. Ne5 {[%clk 1:24:44]}  Qb6 {[%clk 1:07:15]} 10. dxc5 {[%clk 1:18:56]}  Qxc5 {[%clk 1:04:19]} 11. c4 {[%clk 1:08:33]}  Nxe5 {[%clk 0:53:52]} 12. Bxe5 {[%clk 1:08:56]}  Rd8 {[%clk 0:39:26]} 13. Qc2 {[%clk 0:49:54]}  dxc4 {[%clk 0:33:37]} 14. Nxc4 {[%clk 0:50:17]}  b5 {[%clk 0:30:16]} 15. Bd4 {[%clk 0:49:48]}  Qc7 {[%clk 0:24:17]} 16. Ne5 {[%clk 0:42:44]}  Qxc2 {[%clk 0:24:25]} 17. Bxc2 {[%clk 0:43:13]}  Bb7 {[%clk 0:24:39]} 18. Bd3 {[%clk 0:42:41]}  b4 {[%clk 0:22:32]} 19. Rac1 {[%clk 0:39:12]}  Rdc8 {[%clk 0:17:56]} 20. f3 {[%clk 0:29:17]}  Bd6 {[%clk 0:05:01]} 21. Kf2 {[%clk 0:18:41]}  Nd5 {[%clk 0:04:31]} 22. Bc4 {[%clk 0:17:08]} 1/2-1/2

[Event "9 Round Open"]
[Site "Enniscrone, Sligo, IE"]
[Date "2026.02.07"]
[Round "8"]
[White "Ivanov, Andrey A."]
[Black "O`Flaherty, Kevin"]
[Result "1-0"]
[Board "6"]
[WhiteFideId "2514311"]
[BlackFideId "2502283"]
[WhiteTitle "CM"]
[WhiteElo "2093"]
[BlackElo "1956"]
[WhiteTeam "IRL"]
[BlackTeam "IRL"]
[WhiteClock "1:07:58"]
[BlackClock "0:40:11"]
[Variant "Standard"]

1. d4 {[%clk 1:30:56]}  Nf6 {[%clk 1:27:28]} 2. c4 {[%clk 1:31:20]}  g6 {[%clk 1:27:52]} 3. Nc3 {[%clk 1:31:46]}  Bg7 {[%clk 1:28:16]} 4. e4 {[%clk 1:32:12]}  d6 {[%clk 1:28:35]} 5. f4 {[%clk 1:32:38]}  O-O {[%clk 1:28:56]} 6. Nf3 {[%clk 1:33:04]}  Nbd7 {[%clk 1:21:17]} 7. e5 {[%clk 1:33:01]}  Ne8 {[%clk 1:21:00]} 8. c5 {[%clk 1:33:18]}  dxc5 {[%clk 1:20:30]} 9. dxc5 {[%clk 1:33:40]}  c6 {[%clk 1:20:32]} 10. Bc4 {[%clk 1:32:46]}  Nc7 {[%clk 1:15:50]} 11. Be3 {[%clk 1:32:35]}  e6 {[%clk 1:09:32]} 12. Qd2 {[%clk 1:27:26]}  Nd5 {[%clk 1:04:49]} 13. O-O {[%clk 1:23:01]}  Qe7 {[%clk 0:57:01]} 14. Ne4 {[%clk 1:19:05]}  f6 {[%clk 0:53:51]} 15. Bd4 {[%clk 1:18:30]}  fxe5 {[%clk 0:53:10]} 16. fxe5 {[%clk 1:18:42]}  Rxf3 {[%clk 0:48:16]} 17. Rxf3 {[%clk 1:16:25]}  Bxe5 {[%clk 0:48:15]} 18. Raf1 {[%clk 1:04:30]}  Qg7 {[%clk 0:43:13]} 19. Bxe5 {[%clk 1:04:26]}  Nxe5 {[%clk 0:43:12]} 20. Rf8+ {[%clk 1:04:42]}  Qxf8 {[%clk 0:43:32]} 21. Rxf8+ {[%clk 1:05:09]}  Kxf8 {[%clk 0:43:51]} 22. Bxd5 {[%clk 1:05:13]}  exd5 {[%clk 0:44:04]} 23. Qf4+ {[%clk 1:05:27]}  Nf7 {[%clk 0:44:20]} 24. Ng5 {[%clk 1:05:37]}  Bf5 {[%clk 0:44:20]} 25. Nxf7 {[%clk 1:05:42]}  Kxf7 {[%clk 0:39:50]} 26. g4 {[%clk 1:06:10]}  Kf6 {[%clk 0:39:57]} 27. gxf5 {[%clk 1:06:38]}  gxf5 {[%clk 0:40:17]} 28. Qd6+ {[%clk 1:07:01]}  Kg5 {[%clk 0:40:17]} 29. Qe7+ {[%clk 1:07:21]}  Kf4 {[%clk 0:40:27]} 30. Qxb7 {[%clk 1:07:34]}  Re8 {[%clk 0:40:30]} 31. Qxc6 {[%clk 1:07:41]}  Re5 {[%clk 0:40:11]} 32. Qd6 {[%clk 1:07:58]} 1-0